Tratado elemental teórico-práctico de contabilidad general / (Record no. 136178)

MARC details
000 -LEADER
campo de control de longitud fija 00523nam a2200169 4500
001 - NÚMERO DE CONTROL
campo de control 136178
003 - IDENTIFICADOR DE NÚMERO DE CONTROL
campo de control ES-MaACL
005 - FECHA Y HORA DE LA ÚLTIMA TRANSACCIÓN
campo de control 20230906195044.0
007 - CAMPO FIJO DE DESCRIPCIÓN FÍSICA--INFORMACIÓN GENERAL
campo de control de longitud fija t|
008 - DATOS DE LONGITUD FIJA--INFORMACIÓN GENERAL
campo de control de longitud fija 070214s1939 sp r ||||1| spa d
100 1# - ENTRADA PRINCIPAL--NOMBRE DE PERSONA
Nombre de persona Ruiz Soler, Luis.
9 (RLIN) 100931
245 10 - MENCIÓN DEL TÍTULO
Título Tratado elemental teórico-práctico de contabilidad general /
Mención de responsabilidad, etc. por Luis Ruiz Soler.
250 ## - MENCION DE EDICION
Mención de edición 4ª ed. corr. y aum.
260 ## - PUBLICACIÓN, DISTRIBUCIÓN, ETC.
Lugar de publicación, distribución, etc. Avila :
Nombre del editor, distribuidor, etc. [s. n.],
Fecha de publicación, distribución, etc. 1939 (
Fabricante Tip. Senén Martín)
300 ## - DESCRIPCIÓN FÍSICA
Extensión XI, 392 p. ;
Dimensiones 24 cm.
852 ## - LOCALIZACIÓN
Ubicación ES-MaACL
Número de control de estantería F-15276
Sublocalización o colección R.18981
Holdings
Estatus retirado Estado de pérdida Estado de daño No para préstamo Biblioteca de origen Biblioteca actual Ubicación en estantería Fecha de adquisición Fuente de adquisición Total de préstamos Signatura topográfica completa Código de barras Visto por última vez Precio de reemplazo Tipo de ítem Koha
        Biblioteca del Ateneo de Madrid Biblioteca del Ateneo de Madrid Sala Pecera Planta 2 17/01/2008     F-15276 1141727 23/02/2023 23/02/2023 Libro impreso